| 000 | 00694nam a22002297a 4500 | ||
|---|---|---|---|
| 003 | DO-SdBNP | ||
| 005 | 20211011100925.0 | ||
| 007 | ta | ||
| 008 | 210702b 2018 dr | 00| 0 eng d | ||
| 020 | _a9789945911091 | ||
| 040 |
_aDO-SdBNP _bsp _cBNPHU |
||
| 082 | 4 | _aBNPHU | |
| 100 | 1 |
_aJesús, Elvis de _979076 |
|
| 245 | 1 | 0 |
_aYeshua & las tradiciones de los hombres / _cElvis de Jesús, Ángel Duarte. |
| 260 |
_aSanto Domingo : _bPublicaciones Libertad, _c2018. |
||
| 300 |
_a93 p. ; _c21 cm. |
||
| 500 | _aIncluye datos de los autores en la solapa de la contracubierta. | ||
| 504 | _aBibliografía : p. 93 | ||
| 590 | _aInventariado, 2021 /LP | ||
| 910 | _aLopérez | ||
| 942 |
_2ddc _cLBS1 |
||
| 999 |
_c50037 _d50037 |
||